000
00326nam a22001457a 4500
003
OSt
005
20220406114522.0
008
220406b |||||||| |||| 00| 0 eng d
020
_a
0130384887
040
_c
HU
082
_2
4th
100
_a
Tanenbaum S. Andrew
_9
24477
245
_a
Computer Networks
942
_2
ddc
_c
BOOKS
_n
0
999
_c
34449
_d
34449